| 000 | 01364nam a22003017a 4500 | ||
|---|---|---|---|
| 005 | 20240530110433.0 | ||
| 008 | 150402s2009 ua cb a 000 0 ara d | ||
| 017 |
_a2007/14303 _bمصر . دار الكتب المصرية |
||
| 020 | _a9774085337 | ||
| 040 | _aEG-CaGPL | ||
| 082 | 0 | 4 |
_221 _a823.02 _bط/د س |
| 100 | 1 |
_aسويفت ، جوناثان _qجوناثان سويفت |
|
| 245 | 1 | 0 |
_aرحلات جيلفر / _cتاليف جوناثان سويفت ؛ رسومات مارتن هارجريفز ؛ ترجمة قسم الترجمة بدار الفاروق للاستثمارات الثقافية |
| 250 | _aط1 | ||
| 260 |
_aالقاهرة : _bدار الفاروق للاستثمارات الثقافية ، _c2009 |
||
| 300 |
_a63 ص : _bصور لو ، خرائط ؛ _c34 سم |
||
| 490 | 0 | _aالسلسلة العالمية للروائع الادبية | |
| 650 | 0 | 4 | _aقصص الاطفال |
| 650 | 0 | 4 | _aالقصص الانجليزية المترجمة |
| 650 | 0 | 4 | _aقصص البطولات |
| 650 | 0 | 4 | _aالقصص الخرافية |
| 650 | 0 | 4 | _aالاساطير |
| 650 | 0 | 4 | _aادب الاطفال |
| 700 | 1 |
_aهارجريفز ، مارتن _eرسام |
|
| 710 | 2 |
_aقسم الترجمة بدار الفاروق للاستثمارات الثقافية _eمترجم |
|
| 942 |
_2ddc _cBK |
||
| 999 |
_c60886 _d60886 |
||